El coyotage visto desde la mirada de mujeres migrantes centroamericanas /

Guardat en:
Dades bibliogràfiques
Autor principal: Izcara Palacios, Simón Pedro, 1966-
Format: Llibre
Idioma:Spanish
Etiquetes: Afegir etiqueta
Sense etiquetes, Sigues el primer a etiquetar aquest registre!

MARC

LEADER 00000nam a22000007a 4500
003 cru CIDCACS/IIS
005 20210129062540.0
007 ta
008 171116s2017 mx |||p|r|||| 00| 0 spa d
999 |c 40624  |d 40624 
040 |c cru CIDCACS/IIS 
100 1 |a Izcara Palacios, Simón Pedro,  |d 1966-  |9 6033 
245 1 3 |a El coyotage visto desde la mirada de mujeres migrantes centroamericanas /  |c Simón Pedro Izcara Palacios 
300 |a páginas 77-95 
773 0 |0 19269  |9 1587  |a FLACSO, México  |d México: FLACSO  |o 18360  |t Perfiles Latinoamericanos /  |x 01887653 
942 |2 ddc  |c PP